Test de Calcul Mental - Statistiques

Statistiques générales
  • Ce quiz a été pris 794 fois
    775 depuis la dernière actualisation
  • Le résultat moyen est 7 sur 15
Statistiques - réponses
Calculs Réponses % Correct
4+7 11
100%
6x3 18
100%
3+5x2 13
98%
14-2+16 28
98%
11x45 495
83%
((3+3)x6)/36 1
66%
23x17 391
43%
(((99+1)x4)-76)/6 54
34%
((((50-1)/7)+3)x10)-6 94
26%
1/7+24/28 1
16%
2^12 4096
16%
(2²+6²-40)x37²+5² 25
12%
5^5 3125
10%
(1/1+2+3+4/1)x(5+7/1+8)/(5) 40
6%
15^3 3375
3%
Aucun quiz correspondant
Distribution des résultats
% des personnes avec chaque résultat
Percentile par nombre de réponses
Votre historique - résultats
Vous n’avez pas pris ce quiz depuis la dernière actualisation